[Event "Najdorf Mem Open A"]
[Site "Warsaw POL"]
[Date "2010.07.18"]
[Round "2"]
[White "Bentivegna,F"]
[Black "Boros,De"]
[Result "1/2-1/2"]
[WhiteElo "2340"]
[BlackElo "2499"]
[EventDate "2010.07.17"]

1. e4 e5 2. Nf3 Nc6 3. Bc4 Bc5 4. b4 Bxb4 5. c3 Ba5 6. d4 exd4 7. Qb3 Qf6
8. O-O d3 9. e5 Qg6 10. Qd1 Nge7 11. Re1 d5 12. exd6 cxd6 13. Bxd3 Qh5 14.
Bg5 f6 15. Bf4 Bf5 16. Be2 Qf7 17. Na3 O-O 18. Nb5 Rad8 19. Nxd6 Bc7 20.
Nxf7 Rxd1 21. Raxd1 Bxf4 22. Bc4 Bc2 23. Rd7 b5 24. Nh6+ Kh8 25. Nf7+ Kg8
26. Nh6+ Kh8 27. Nf7+ 1/2-1/2

[Event "Najdorf Mem Open A"]
[Site "Warsaw POL"]
[Date "2010.07.18"]
[Round "2"]
[White "Przybylski,W"]
[Black "Simonian,H"]
[Result "1/2-1/2"]
[WhiteElo "2322"]
[BlackElo "2494"]
[EventDate "2010.07.17"]

1. e4 c5 2. Nf3 e6 3. d4 cxd4 4. Nxd4 a6 5. Bd3 Bc5 6. Nb3 Be7 7. Qg4 g6 8.
Qe2 d6 9. Na3 Nc6 10. O-O Nf6 11. Bh6 Ne5 12. f3 d5 13. Rad1 Qb6+ 14. Kh1
Nxd3 15. Rxd3 Rg8 16. exd5 Nxd5 17. Bd2 Qc7 18. f4 Bd7 19. c4 Nb4 20. Rh3
h5 21. c5 Nd5 22. Ba5 Qb8 23. Qf2 Bc6 24. Nc4 Bb5 25. Nbd2 Qa7 1/2-1/2

[Event "Najdorf Mem Open A"]
[Site "Warsaw POL"]
[Date "2010.07.18"]
[Round "2"]
[White "Matuszewski,M"]
[Black "Socko,M"]
[Result "0-1"]
[WhiteElo "2317"]
[BlackElo "2477"]
[EventDate "2010.07.17"]

1. d4 Nf6 2. Nf3 g6 3. c4 Bg7 4. Nc3 d5 5. e3 O-O 6. b4 c6 7. Bb2 Bf5 8.
Be2 dxc4 9. Bxc4 b5 10. Bb3 a5 11. bxa5 Qxa5 12. O-O Nbd7 13. Qe2 b4 14.
Na4 Qa6 15. Qd2 Qb5 16. Qd1 Ne4 17. h3 Ra5 18. a3 Rb8 19. g4 bxa3 20. Rxa3
Rxa4 21. Bxf7+ Kxf7 22. Qxa4 Qxa4 23. Rxa4 Rxb2 24. gxf5 gxf5 25. Ra5 c5
26. dxc5 Ndxc5 27. Ng5+ Nxg5 28. Rxc5 e6 29. Kg2 Ne4 30. Rc7+ Kf6 31. Rcc1
Bh6 32. Rb1 Rd2 33. Rbe1 Bg5 34. Rd1 Re2 35. Rde1 Rxe1 36. Rxe1 Bh4 37. Ra1
Bxf2 38. Kf3 h5 39. Ra8 h4 40. Rf8+ Ke5 41. Rg8 Bg3 42. Rg6 Kd5 43. Rh6 Nf2
44. Kg2 e5 0-1

[Event "Najdorf Mem Open A"]
[Site "Warsaw POL"]
[Date "2010.07.18"]
[Round "2"]
[White "Burg,T"]
[Black "Wieczorek,O"]
[Result "1-0"]
[WhiteElo "2449"]
[BlackElo "2316"]
[EventDate "2010.07.17"]

1. e4 e5 2. Nf3 Nf6 3. Nxe5 d6 4. Nf3 Nxe4 5. d4 d5 6. Bd3 Nc6 7. O-O Be7
8. c4 Nb4 9. Be2 O-O 10. Nc3 Bf5 11. a3 Nxc3 12. bxc3 Nc6 13. cxd5 Qxd5 14.
Bf4 Rac8 15. Re1 Rfe8 16. h3 h6 17. Nd2 Na5 18. Nf1 Qe4 19. Be5 Qc2 20.
Qxc2 Bxc2 21. Bg4 f5 22. Bh5 Red8 23. Ne3 Be4 24. f3 Bd5 25. Bxg7 Bh4 26.
Re2 Bg5 27. Nxf5 Bc4 28. Re5 Nc6 29. Rc5 Bd3 30. Bxh6 Bxh6 31. Nxh6+ Kh7
32. Ng4 Rf8 33. Ne5 Nxe5 34. Rxe5 Kh6 35. Rae1 Rf6 36. Bg4 Rcf8 37. Re6 1-0

[Event "Najdorf Mem Open A"]
[Site "Warsaw POL"]
[Date "2010.07.18"]
[Round "2"]
[White "Doluhanova,E"]
[Black "Butnorius,A"]
[Result "0-1"]
[WhiteElo "2312"]
[BlackElo "2442"]
[EventDate "2010.07.17"]

1. e4 c5 2. Nf3 e6 3. d4 cxd4 4. Nxd4 a6 5. Nc3 Nc6 6. g3 d6 7. Bg2 Bd7 8.
O-O Nf6 9. Re1 Be7 10. Nce2 O-O 11. c4 Rc8 12. b3 Qc7 13. Bb2 Qb8 14. Qd2
Rfd8 15. Rac1 b5 16. cxb5 axb5 17. Nxc6 Bxc6 18. Nd4 Be8 19. Rxc8 Rxc8 20.
Ba3 Bf8 21. Bb4 Nd7 22. Bf1 Ne5 23. Re3 g6 24. Rc3 Rxc3 25. Bxc3 Qb6 26.
Be2 Bg7 27. Nf3 Nxf3+ 28. Bxf3 Bxc3 29. Qxc3 b4 30. Qc8 Kf8 31. Qc1 Qa5 32.
Qc4 e5 33. Bg4 Qc5 34. Qxc5 dxc5 35. Kf1 Bc6 36. Bf3 Ke7 37. Ke2 Kd6 38.
Ke3 c4 39. bxc4 Kc5 40. Bd1 Bd7 41. Bb3 Be6 42. h4 h6 43. f3 Bxc4 44. f4 f6
45. g4 g5 46. hxg5 hxg5 47. f5 Bf1 48. Kf2 Bd3 49. Ke3 Bc4 0-1

[Event "Najdorf Mem Open A"]
[Site "Warsaw POL"]
[Date "2010.07.18"]
[Round "2"]
[White "Krysztofiak,M"]
[Black "Janczarski,M"]
[Result "1-0"]
[WhiteElo "2436"]
[BlackElo "2285"]
[EventDate "2010.07.17"]

1. d4 c5 2. d5 Nf6 3. Nc3 e6 4. e4 exd5 5. e5 Ng8 6. Nxd5 Nc6 7. Nf3 Nge7
8. Bf4 Nxd5 9. Qxd5 Be7 10. Bc4 O-O 11. O-O a6 12. Qe4 b5 13. Bd5 Bb7 14.
Rad1 Kh8 15. Qf5 Qb6 16. Bg5 Rae8 17. Qxd7 Rd8 18. Qh3 h6 19. Bxc6 1-0

[Event "Najdorf Mem Open A"]
[Site "Warsaw POL"]
[Date "2010.07.18"]
[Round "2"]
[White "Grochulski,G"]
[Black "Sznapik,A"]
[Result "0-1"]
[WhiteElo "2045"]
[BlackElo "2434"]
[EventDate "2010.07.17"]

1. e4 g6 2. d4 Bg7 3. Nc3 d6 4. Bc4 Nc6 5. Be3 Nf6 6. f3 a6 7. Qd2 b5 8.
Bb3 O-O 9. Nge2 Na5 10. O-O-O Nxb3+ 11. axb3 a5 12. Nxb5 a4 13. bxa4 Rxa4
14. b3 Ra6 15. Bh6 Bd7 16. Bxg7 Kxg7 17. Qd3 Bxb5 18. Qxb5 Qa8 19. Nc3 Ra1+
20. Kd2 Ra5 21. Qc4 c5 22. d5 Rb8 23. Ke3 Rb4 24. Qe2 Qa7 25. Qd2 c4+ 26.
Qd4 cxb3 27. Qxa7 Rxa7 28. cxb3 Rxb3 29. Rc1 Raa3 30. Kd2 Nd7 31. Ne2 Nc5
32. Rhd1 Ra2+ 33. Rc2 Rd3+ 34. Kc1 Nb3+ 35. Kb1 Ra1+ 36. Kb2 Raxd1 0-1

[Event "Najdorf Mem Open A"]
[Site "Warsaw POL"]
[Date "2010.07.18"]
[Round "2"]
[White "Olszewski,Mi"]
[Black "Zakoscielna,K"]
[Result "1-0"]
[WhiteElo "2543"]
[BlackElo "2040"]
[EventDate "2010.07.17"]

1. d4 Nf6 2. c4 g6 3. Nc3 Bg7 4. e4 d6 5. h3 O-O 6. Bg5 c5 7. d5 h6 8. Be3
e6 9. Bd3 exd5 10. cxd5 Re8 11. Nge2 c4 12. Bc2 b5 13. a3 a5 14. O-O Bd7
15. Qd2 Kh7 16. f4 Na6 17. e5 b4 18. axb4 axb4 19. exf6 bxc3 20. bxc3 Bxf6
21. f5 g5 22. Nd4 Kg7 23. h4 Nc7 24. Rxa8 Nxa8 25. hxg5 hxg5 26. Ne6+ fxe6
27. fxe6 Rf8 28. exd7 Nb6 29. Qf2 Be7 30. Bd4+ Kg8 31. Bf5 Nxd7 32. Be6+
Kh7 33. Qc2+ Kh6 34. Bf7 1-0

[Event "Najdorf Mem Open A"]
[Site "Warsaw POL"]
[Date "2010.07.18"]
[Round "2"]
[White "Skawinski,A"]
[Black "Erdos,V"]
[Result "0-1"]
[WhiteElo "2233"]
[BlackElo "2592"]
[EventDate "2010.07.17"]

1. e4 e5 2. Nf3 Nc6 3. Bb5 a6 4. Ba4 Nf6 5. O-O Be7 6. Re1 b5 7. Bb3 d6 8.
c3 O-O 9. h3 Nb8 10. d4 Nbd7 11. Nbd2 Bb7 12. a4 c5 13. Qe2 c4 14. Bc2 Qc7
15. Nf1 Rfe8 16. Ng3 Bf8 17. axb5 axb5 18. Rxa8 Bxa8 19. dxe5 dxe5 20. b3
b4 21. Be3 bxc3 22. Ra1 Bb7 23. Ra4 Nb6 24. Ra7 Nc8 25. Ra4 cxb3 26. Bxb3
Nd6 27. Bg5 Nd7 28. Be3 Nf6 29. Bg5 Nd7 30. Be3 Rc8 31. Ng5 c2 32. Bc1 h6
33. Nxf7 Nxf7 34. Rc4 Nc5 35. Rxc2 Qd7 36. Ba2 Ne6 37. Rxc8 Bxc8 38. Bb2
Qe8 39. Qh5 Nf4 40. Qxe5 Qxe5 41. Bxe5 Be6 42. Bxe6 Nxe6 43. Bc3 Bc5 44.
Kf1 Nd6 45. Be5 Nc4 46. Bc3 g6 47. Ke2 Kf7 48. Nh1 Nd6 49. e5 Nf5 50. Bd2
g5 51. g3 Nfd4+ 52. Ke3 Nb3+ 53. Kd3 Nxd2 54. Kxd2 Kg6 55. Ke2 Kf5 56. f4
gxf4 57. gxf4 Kxf4 58. Kf1 Kf3 59. h4 Nf4 60. h5 Bd4 0-1

[Event "Najdorf Mem Open A"]
[Site "Warsaw POL"]
[Date "2010.07.18"]
[Round "2"]
[White "Przezdziecka,M"]
[Black "Berczes,D"]
[Result "0-1"]
[WhiteElo "2278"]
[BlackElo "2551"]
[EventDate "2010.07.17"]

1. d4 Nf6 2. Nf3 e6 3. c4 Bb4+ 4. Nbd2 b6 5. a3 Bxd2+ 6. Qxd2 Bb7 7. e3 O-O
8. Bd3 Ne4 9. Qc2 f5 10. b4 d6 11. Bb2 Nd7 12. O-O Ng5 13. Nxg5 Qxg5 14. f4
Qe7 15. Rae1 Nf6 16. d5 exd5 17. Bxf5 dxc4 18. e4 Bc8 19. Bxc8 Raxc8 20. e5
dxe5 21. Qxc4+ Qf7 22. Qxf7+ Rxf7 23. fxe5 Nd5 24. Rxf7 Kxf7 25. e6+ Ke7
26. Bxg7 Rg8 27. Be5 Rg6 28. Rc1 Rxe6 29. Bxc7 Re3 30. a4 Nxb4 31. Bb8 a5
32. Rc7+ Ke6 33. Rxh7 Re1+ 34. Kf2 Rb1 35. h4 Nd5 36. g4 Nf6 37. Rb7 Nxg4+
38. Kf3 Nf6 39. h5 Rb3+ 40. Ke2 Nxh5 41. Bc7 Kd7 42. Rxb6 Ng3+ 43. Kf2 Ne4+
44. Ke2 Rc3 45. Be5 Ra3 46. Ra6 Rxa4 47. Kd1 Nc5 48. Rd6+ Ke8 49. Rc6 Nd3
50. Bc3 Ra2 51. Rd6 Nc5 52. Rd2 Ne4 53. Rxa2 Nxc3+ 54. Kc2 Nxa2 55. Kb3 Nb4
56. Ka4 Nc6 57. Kb5 Kd7 0-1

[Event "Najdorf Mem Open A"]
[Site "Warsaw POL"]
[Date "2010.07.18"]
[Round "2"]
[White "Warakomski,T"]
[Black "Fuchs,Ju"]
[Result "1/2-1/2"]
[WhiteElo "2495"]
[BlackElo "2232"]
[EventDate "2010.07.17"]

1. e4 c6 2. d4 d5 3. Nd2 dxe4 4. Nxe4 Nf6 5. Nxf6+ exf6 6. Be2 Bd6 7. Nf3
O-O 8. O-O Qc7 9. c4 c5 10. dxc5 Bxc5 11. a3 a5 12. b3 Nc6 13. Bb2 Bf5 14.
Bc3 Rfe8 15. Qd5 Ne7 16. Qd2 Rad8 17. Qb2 Ng6 18. Rfe1 Nf4 19. Bf1 Bd3 20.
Rxe8+ Rxe8 21. Re1 Rd8 22. b4 Ba7 23. c5 axb4 24. axb4 b6 25. Qa2 bxc5 26.
Bd2 Ne6 27. Bxd3 Rxd3 28. Be3 h6 29. Qc4 Rd8 30. Rc1 Rc8 31. Nd2 Bb8 32.
Qh4 Qd7 33. Qc4 Qc7 34. Nf1 cxb4 35. Qa6 Qxc1 36. Bxc1 Rxc1 37. Qa8 Rc8 38.
Qb7 Rd8 39. Qxb4 Bd6 40. Qc4 Bc5 41. g3 Rd4 42. Qc2 Rd5 43. Kg2 f5 44. Nd2
f4 45. Nf3 fxg3 46. hxg3 Bf8 47. Qe4 Ra5 48. Ne5 Ng5 49. Qe2 Ra7 50. f4 Nh7
51. Qc4 Nf6 52. Kh3 Re7 53. Qd4 Re6 54. Kg2 h5 55. Kh3 Ng4 56. Nxg4 hxg4+
57. Kxg4 Bd6 58. f5 Rf6 59. Qc3 Kh7 60. Kg5 Rh6 61. Qd3 Rf6 62. Qb3 Rh6 63.
Kg4 Rf6 64. Qc3 Bxg3 65. Qxg3 g6 66. Qh2+ Kg8 67. Qb8+ Kh7 68. fxg6+ Rxg6+
69. Kf5 Kg7 1/2-1/2

[Event "Najdorf Mem Open A"]
[Site "Warsaw POL"]
[Date "2010.07.18"]
[Round "2"]
[White "Cernousek,L"]
[Black "Zaninotto,F"]
[Result "1-0"]
[WhiteElo "2412"]
[BlackElo "2189"]
[EventDate "2010.07.17"]

1. e4 c5 2. Nf3 g6 3. d4 Bg7 4. Nc3 cxd4 5. Nxd4 Nc6 6. Be3 Nf6 7. Bc4 d6
8. f3 Qb6 9. Nf5 Qxb2 10. Nxg7+ Kf8 11. Nd5 Nxd5 12. Bxd5 Kxg7 13. O-O Qc3
14. Qc1 Be6 15. Rb1 Rhb8 16. Rb3 Qf6 17. Qd2 Kg8 18. Rfb1 Bxd5 19. exd5 Ne5
20. Bd4 b6 21. f4 Nc4 22. Qc3 e5 23. dxe6 Qxe6 24. f5 Qc8 25. fxg6 hxg6 26.
Rf1 Ne5 27. Qd2 Qf8 28. Rf6 Qe7 29. Qg5 Re8 30. Rg3 Kg7 31. Rxg6+ fxg6 32.
Qxg6+ Kh8 33. Rh3+ 1-0

[Event "Najdorf Mem Open A"]
[Site "Warsaw POL"]
[Date "2010.07.18"]
[Round "2"]
[White "Kaczmarek,M"]
[Black "Przedmojski,R"]
[Result "0-1"]
[WhiteElo "2044"]
[BlackElo "2390"]
[EventDate "2010.07.17"]

1. e4 c5 2. Nf3 g6 3. d4 Bg7 4. c4 Nc6 5. dxc5 Qa5+ 6. Bd2 Qxc5 7. Bc3 Nf6
8. Bd3 Nb4 9. O-O Nxd3 10. Qxd3 d6 11. Nbd2 O-O 12. b4 Qc7 13. Rac1 b6 14.
Nd4 a6 15. N4b3 Bb7 16. a4 a5 17. bxa5 bxa5 18. Nd4 Rfc8 19. Nb5 Qd8 20. f3
Nd7 21. Bxg7 Kxg7 22. Nb3 Kg8 23. Qd2 Nc5 24. Nxc5 Rxc5 25. Rfd1 Qb6 26.
Kf1 Rac8 27. Qd3 d5 28. exd5 Bxd5 29. Qe3 Be6 30. Kf2 Qb8 31. Rd8+ Rxd8 32.
Qxc5 Qxh2 33. Qe3 Qh4+ 34. Kg1 Bxc4 35. Qb6 Rd5 36. Qb8+ Kg7 37. Nc7 Qd4+
38. Kh2 Rh5+ 39. Kg3 Qh4+ 0-1

[Event "Najdorf Mem Open A"]
[Site "Warsaw POL"]
[Date "2010.07.18"]
[Round "2"]
[White "Laurusas,T"]
[Black "Erzhanov,A"]
[Result "1-0"]
[WhiteElo "2233"]
[BlackElo "2363"]
[EventDate "2010.07.17"]

1. d4 c5 2. d5 g6 3. c4 Bg7 4. e4 d6 5. Nc3 e5 6. dxe6 Bxc3+ 7. bxc3 Bxe6
8. Bd3 Nc6 9. f4 Qa5 10. Ne2 Bg4 11. O-O f6 12. Rb1 O-O-O 13. Qc2 Nge7 14.
h3 Bd7 15. Ng3 Qc7 16. Be3 Na5 17. Qf2 b6 18. Rbc1 Bc6 19. Rfe1 Bb7 20. Qe2
Nec6 21. Nf1 Rhe8 22. Qg4+ Kb8 23. Bf2 Qf7 24. Ne3 Ba6 25. Bh4 h6 26. Qe2
Ne7 27. Nd5 Ng8 28. Qf1 Bc8 29. Bg3 f5 30. e5 Re6 31. Re3 Rde8 32. Rce1 Qd7
33. Bh2 h5 34. Bg3 Bb7 35. R1e2 Ka8 36. Qe1 dxe5 37. Rxe5 Rxe5 38. fxe5 Re6
39. Nf4 Ne7 40. Nxe6 Qxe6 41. Qd2 a6 42. Qg5 Bc8 43. Qf6 Ng8 44. Qd8 Nb7
45. Qc7 Ne7 46. Rb2 Ka7 47. Bh4 g5 48. Bxg5 Ng6 49. Be2 1-0

[Event "Najdorf Mem Open A"]
[Site "Warsaw POL"]
[Date "2010.07.18"]
[Round "2"]
[White "Kadziolka,B"]
[Black "Malec,S"]
[Result "1/2-1/2"]
[WhiteElo "2305"]
[BlackElo "2108"]
[EventDate "2010.07.17"]

1. e4 e6 2. d4 d5 3. Nc3 Bb4 4. e5 Ne7 5. Bd2 b6 6. f4 Nf5 7. Nf3 c5 8. a3
Bxc3 9. Bxc3 Ba6 10. Bxa6 Nxa6 11. Qd3 cxd4 12. Nxd4 Nc5 13. Qb5+ Qd7 14.
Nxf5 exf5 15. Qxd7+ Kxd7 16. O-O-O Ke6 17. Bd4 Ne4 18. Rhf1 h5 19. Rf3 b5
20. Rb3 a6 21. a4 Rhc8 22. axb5 axb5 23. c3 Ra5 24. Kc2 g6 25. Bb6 Ra6 26.
Be3 Ra5 27. Bb6 Ra6 28. Be3 Ra5 29. Bb6 1/2-1/2

[Event "Najdorf Mem Open A"]
[Site "Warsaw POL"]
[Date "2010.07.18"]
[Round "2"]
[White "Hammer,J"]
[Black "Szewczak,And"]
[Result "1-0"]
[WhiteElo "2636"]
[BlackElo "1981"]
[EventDate "2010.07.17"]

1. e4 e6 2. d4 d5 3. Nd2 Nf6 4. e5 Nfd7 5. Bd3 c5 6. c3 Nc6 7. Ne2 Qb6 8.
Nf3 Be7 9. O-O O-O 10. Nf4 Nd8 11. h4 f6 12. Re1 f5 13. b3 cxd4 14. cxd4
Re8 15. Bb2 Nf8 16. g4 fxg4 17. Nh2 g3 18. fxg3 Nf7 19. Nh5 Nh6 20. Ng4 Nf5
21. Ne3 g6 22. Bxf5 gxf5 23. Nf6+ Bxf6 24. exf6 Qd8 25. Qh5 Ng6 26. f7+
Kxf7 27. Qxh7+ Kf6 28. Ng4+ fxg4 29. Rf1+ Nf4 30. Rxf4+ 1-0

[Event "Najdorf Mem Open A"]
[Site "Warsaw POL"]
[Date "2010.07.18"]
[Round "2"]
[White "Nguyen,P"]
[Black "Lada,M"]
[Result "1-0"]
[WhiteElo "2372"]
[BlackElo "2159"]
[EventDate "2010.07.17"]

1. e4 e6 2. d4 d5 3. Nd2 dxe4 4. Nxe4 Nd7 5. Nf3 Ngf6 6. Ng3 c5 7. c3 cxd4
8. cxd4 Bd6 9. Bc4 O-O 10. O-O Nb6 11. Bb3 Bd7 12. Ne5 Nbd5 13. Bg5 Bc6 14.
Rc1 Rc8 15. Bxd5 Bxe5 16. Bxc6 Bxg3 17. Bxb7 Rxc1 18. Qxc1 Bxh2+ 19. Kxh2
Qb8+ 20. Qf4 Qxb7 21. Bxf6 gxf6 22. Qxf6 Qc7+ 23. g3 Rd8 24. Re1 Rd5 25.
Re4 Rf5 26. Rg4+ Kf8 27. Qh6+ Ke7 28. Qd2 Qc4 29. Rg5 Rf3 30. Ra5 a6 31.
Kg2 Rd3 32. Qg5+ Ke8 33. Rc5 1-0

[Event "Najdorf Mem Open A"]
[Site "Warsaw POL"]
[Date "2010.07.18"]
[Round "2"]
[White "Valsecchi,A"]
[Black "Winski,L"]
[Result "0-1"]
[WhiteElo "2360"]
[BlackElo "2115"]
[EventDate "2010.07.17"]

1. d4 Nf6 2. Nf3 e6 3. g3 b6 4. Bg2 Bb7 5. O-O c5 6. c4 cxd4 7. Qxd4 Bc5 8.
Qd1 O-O 9. a3 a5 10. Nc3 Ne4 11. Na4 d5 12. Nxc5 bxc5 13. cxd5 exd5 14. Bf4
Qb6 15. Nd2 Nf6 16. Rc1 Nbd7 17. Qb3 Qa6 18. Rfd1 Rfe8 19. e4 a4 20. Qa2 d4
21. f3 Nh5 22. Bh3 Nxf4 23. gxf4 Nf8 24. Bf1 Qg6+ 25. Kh1 Qh5 26. f5 Nd7
27. Bg2 Ra6 28. b4 Rh6 29. h3 Ne5 30. Qc2 c4 31. Nxc4 Nxf3 32. Na5 Ba6 33.
Qxa4 Rxe4 34. Nb7 Qxf5 35. Rc8+ Qxc8 36. Bxf3 Qxh3+ 37. Kg1 Qh2+ 0-1

[Event "Najdorf Mem Open A"]
[Site "Warsaw POL"]
[Date "2010.07.18"]
[Round "2"]
[White "Kuciel,W"]
[Black "Stoma,P"]
[Result "0-1"]
[WhiteElo "2088"]
[BlackElo "2302"]
[EventDate "2010.07.17"]

1. d4 d5 2. Nf3 Nf6 3. c4 c6 4. e3 a6 5. Nc3 Bf5 6. Qb3 b5 7. cxd5 cxd5 8.
a4 b4 9. Qxb4 Nc6 10. Qc5 Na5 11. Bxa6 Rxa6 12. Qb5+ Rc6 13. Ne5 Bd7 14.
Nxd7 Nxd7 15. Nxd5 e6 16. Bd2 exd5 17. Bxa5 Qa8 18. O-O Rc8 19. Bb6 Qb7 20.
Rfc1 Rxc1+ 21. Rxc1 Qxb6 22. Rc8+ Ke7 23. Qxd5 g6 24. Rc6 Qb4 25. g4 Bg7
26. Rc7 Rd8 27. a5 Qd6 28. Qb7 Kf8 29. a6 Be5 30. Rc8 Bxh2+ 31. Kg2 Rxc8
32. Qxc8+ Kg7 33. a7 Nb6 34. Qc5 Na8 35. f4 Bxf4 36. exf4 Qxf4 37. g5 Qe4+
38. Kg3 Qe3+ 39. Kg4 h6 40. gxh6+ Kh7 41. Qd6 f5+ 42. Kh4 g5+ 43. Kh5 Qh3+
44. Kxg5 Qg4+ 45. Kf6 Qg6+ 46. Ke5 Qxd6+ 47. Kxd6 f4 48. Kc6 f3 49. Kb7 f2
50. Kxa8 f1=Q 51. d5 Qb5 0-1

[Event "Najdorf Mem Open A"]
[Site "Warsaw POL"]
[Date "2010.07.18"]
[Round "2"]
[White "Adamski,J"]
[Black "Choroszej,A"]
[Result "1/2-1/2"]
[WhiteElo "2287"]
[BlackElo "2095"]
[EventDate "2010.07.17"]

1. c4 Nf6 2. d4 g6 3. Nc3 Bg7 4. e4 d6 5. h3 O-O 6. Bg5 c5 7. d5 e6 8. Bd3
h6 9. Be3 exd5 10. exd5 Na6 11. Nf3 Nc7 12. a4 Na6 13. Qd2 Nb4 14. Bb1 Re8
15. O-O Kh7 16. Ra3 Ng8 17. Ne4 Nf6 18. Ng3 Ng8 19. Ne4 1/2-1/2

[Event "Najdorf Mem Open A"]
[Site "Warsaw POL"]
[Date "2010.07.18"]
[Round "2"]
[White "Nowicki,B"]
[Black "Lammens,Tim"]
[Result "0-1"]
[WhiteElo "2067"]
[BlackElo "2268"]
[EventDate "2010.07.17"]

1. e4 e5 2. f4 exf4 3. Bc4 Ne7 4. Nf3 c6 5. d4 Ng6 6. O-O d5 7. exd5 cxd5
8. Bd3 Bd6 9. Nc3 Be6 10. Nb5 Be7 11. Bxg6 hxg6 12. Bxf4 Nc6 13. Qe2 O-O
14. Ne5 Bf5 15. g4 Be4 16. Nc3 Qb6 17. Rad1 Qxb2 18. Nxe4 dxe4 19. Qxe4
Rad8 20. Bc1 Qb6 21. c3 Bf6 22. Nf3 Rfe8 23. Qf4 Ne7 24. g5 Nd5 25. Qd2 Be7
26. Qd3 Qc7 27. Bd2 Bd6 28. c4 Ne7 29. Be3 Qd7 30. Rd2 Qh3 31. Rg2 Nf5 32.
Bf2 Bf4 33. Re1 Be3 34. Bxe3 Qxf3 35. Rf2 Rxd4 36. Rxf3 Rxd3 37. Kf2 f6 38.
gxf6 gxf6 39. Bxa7 Rxf3+ 0-1

[Event "Najdorf Mem Open A"]
[Site "Warsaw POL"]
[Date "2010.07.18"]
[Round "2"]
[White "Banasik,K"]
[Black "Solnicki,M"]
[Result "1/2-1/2"]
[WhiteElo "2250"]
[BlackElo "2084"]
[EventDate "2010.07.17"]

1. e4 c5 2. d3 Nc6 3. g3 g6 4. Bg2 Bg7 5. Nc3 d6 6. Be3 e5 7. Nge2 Nge7 8.
O-O O-O 9. f4 Nd4 10. Qd2 Rb8 11. h3 b5 12. a3 a5 13. fxe5 dxe5 14. b3 Be6
15. a4 c4 16. Bxd4 exd4 17. Nxb5 cxb3 18. Nf4 Bd7 19. cxb3 Bxb5 20. axb5
Rxb5 21. Rfb1 Qb6 22. h4 Rc8 23. Rf1 Rxb3 24. Qxa5 Qxa5 25. Rxa5 Bh6 26.
Bh3 Bxf4 27. Rxf4 Rc1+ 28. Rf1 Rc7 29. Rf3 Nc6 30. Rd5 Re7 31. Rf6 Ne5 32.
Rxd4 Nxd3 33. Rf3 Rb1+ 34. Rf1 Rxf1+ 35. Bxf1 Ne5 36. Ra4 Rc7 37. Be2 Rc2
38. Kf1 Kg7 39. Ra5 Nc4 40. Bxc4 Rxc4 41. e5 1/2-1/2

[Event "Najdorf Mem Open A"]
[Site "Warsaw POL"]
[Date "2010.07.18"]
[Round "2"]
[White "Klim,K"]
[Black "Hetzer,V"]
[Result "1-0"]
[WhiteElo "2245"]
[BlackElo "2063"]
[EventDate "2010.07.17"]

1. d4 d5 2. c4 e6 3. Nc3 c5 4. cxd5 exd5 5. Nf3 Nc6 6. g3 Nf6 7. Bg2 Be7 8.
O-O O-O 9. Bg5 Be6 10. dxc5 Bxc5 11. Bxf6 Qxf6 12. Nxd5 Qxb2 13. Nc7 Rad8
14. Qc1 Qxc1 15. Raxc1 b6 16. Nxe6 fxe6 17. e3 h6 18. h4 Rd6 19. Rfd1 Rfd8
20. Rxd6 Rxd6 21. Bh3 Kf7 22. Rc4 Rd1+ 23. Kg2 Kf6 24. Rf4+ Ke7 25. Re4 Rd6
26. h5 b5 27. Nh4 Kf6 28. Rf4+ Kg5 29. Rf7 Kxh5 30. Rxg7 Ne5 31. Nf3 1-0

[Event "Najdorf Mem Open A"]
[Site "Warsaw POL"]
[Date "2010.07.18"]
[Round "2"]
[White "Krasiewicz,R"]
[Black "Lewandowski,Ra"]
[Result "0-1"]
[WhiteElo "2053"]
[BlackElo "2240"]
[EventDate "2010.07.17"]

1. d4 d5 2. c4 e6 3. Nf3 c5 4. g3 Nc6 5. cxd5 exd5 6. Bg2 Nf6 7. O-O Be7 8.
Bf4 O-O 9. Nc3 a6 10. Rc1 c4 11. Ne5 Be6 12. b3 Ba3 13. Nxc6 bxc6 14. bxc4
Bxc1 15. Bxc1 Rc8 16. c5 Ne4 17. Bxe4 dxe4 18. Nxe4 Bxa2 19. Nd6 Ra8 20.
Qa4 Be6 21. Qxc6 Qf6 22. d5 Bg4 23. f3 Bh3 24. Rd1 Qc3 25. Bf4 Qc2 26. Re1
a5 27. g4 h5 28. gxh5 a4 29. Ne4 Rac8 30. Qd6 Rce8 31. Ng3 Rd8 32. Qc6 a3
33. h6 Qc3 34. Rd1 a2 35. hxg7 Qxg7 36. Kf2 Rc8 37. Qd6 Rfe8 38. Nh5 Qg2+
0-1

[Event "Najdorf Mem Open A"]
[Site "Warsaw POL"]
[Date "2010.07.18"]
[Round "2"]
[White "Drozdowski,K"]
[Black "Jacek,K"]
[Result "1/2-1/2"]
[WhiteElo "2223"]
[BlackElo "2055"]
[EventDate "2010.07.17"]

1. e4 c5 2. Nf3 d6 3. d4 cxd4 4. Nxd4 Nf6 5. Nc3 e6 6. g4 d5 7. Bb5+ Bd7 8.
exd5 Nxd5 9. Nxd5 exd5 10. Qe2+ Qe7 11. Bxd7+ Nxd7 12. Qxe7+ Bxe7 13. Nf5
Bf8 14. Bf4 O-O-O 15. O-O-O Nc5 16. Rhe1 Ne6 17. Bg3 g6 18. Nd4 Bh6+ 19.
Kb1 Nxd4 20. Rxd4 Rhe8 21. Red1 Re4 22. c4 Bg7 23. Rxd5 Rxd5 24. cxd5 Be5
25. f3 Re2 26. Rd3 Bxb2 27. d6 Kd7 28. Rb3 Be5 29. Rxb7+ Kxd6 30. Rxa7 Bxg3
31. hxg3 Ke6 32. Ra3 h6 33. Rd3 f5 34. gxf5+ Kxf5 35. a4 h5 36. f4 h4 37.
gxh4 Re4 38. a5 Rxf4 39. a6 Rxh4 40. Kb2 Rh8 41. Rd5+ Kf4 42. Kc3 g5 43. a7
Ra8 44. Rd7 g4 45. Kd4 Kf3 46. Rf7+ Kg2 47. Kc5 g3 1/2-1/2

[Event "Najdorf Mem Open A"]
[Site "Warsaw POL"]
[Date "2010.07.18"]
[Round "2"]
[White "Alvarado,C"]
[Black "Goslawski,M"]
[Result "1-0"]
[WhiteElo "2216"]
[BlackElo "2018"]
[EventDate "2010.07.17"]

1. d4 Nf6 2. c4 g6 3. Nc3 d5 4. Nf3 Bg7 5. Bf4 O-O 6. e3 c5 7. dxc5 Qa5 8.
Rc1 Rd8 9. Qb3 Qxc5 10. Be2 Nh5 11. Bxb8 Rxb8 12. cxd5 Bxc3+ 13. Rxc3 Qxd5
14. Qa3 Be6 15. b3 b5 16. Qxe7 b4 17. Rd3 Qa5 18. Rxd8+ Rxd8 19. O-O Ng7
20. Qf6 Rc8 21. Qb2 Qc5 22. Rd1 Ne8 23. h3 Qc2 24. Rd2 Qxb2 25. Rxb2 Rc1+
26. Kh2 Nd6 27. Nd4 Ne4 28. Nxe6 fxe6 29. Bc4 Kf7 30. f3 Nc3 31. Rd2 Ke7
32. Rd4 Nxa2 33. Re4 Rc3 34. Rxe6+ Kf8 35. Rf6+ Ke8 36. Ra6 Nc1 37. Rxa7
Nxb3 38. Bxb3 Rxb3 39. e4 Ra3 40. Rxh7 b3 41. Rb7 Kd8 42. e5 Kc8 43. Rb4
Kc7 44. Kg3 Kc6 45. f4 Kc5 46. Rb8 Kc4 47. e6 b2+ 48. Kh2 Rb3 49. Rxb3 Kxb3
50. e7 b1=Q 51. e8=Q Kc4 52. Qe5 Qd3 53. Kg1 Qd2 54. Kf1 Kb3 55. Qe4 1-0

[Event "Najdorf Mem Open A"]
[Site "Warsaw POL"]
[Date "2010.07.18"]
[Round "2"]
[White "Kamieniecki,T"]
[Black "Czarnota,D"]
[Result "0-1"]
[WhiteElo "2016"]
[BlackElo "2214"]
[EventDate "2010.07.17"]

1. d4 Nf6 2. c4 d6 3. Nc3 Nbd7 4. e4 e5 5. Nf3 g6 6. Be2 Bg7 7. O-O O-O 8.
d5 Nc5 9. Qc2 a5 10. b3 Nh5 11. a3 Nf4 12. Bxf4 exf4 13. Rad1 Bd7 14. Nd4
Re8 15. f3 Re5 16. g4 h5 17. Rf2 Qh4 18. Rg2 Rg5 19. Qd2 Be5 20. b4 axb4
21. axb4 Na6 22. Na2 Re8 23. h3 Kg7 24. Nb5 Rh8 25. Qe1 Qxh3 26. Rh2 Qxh2+
27. Kxh2 hxg4+ 28. Kg2 gxf3+ 29. Kf1 Rh1+ 30. Kf2 Rh2+ 31. Kxf3 Bg4+ 0-1

[Event "Najdorf Mem Open A"]
[Site "Warsaw POL"]
[Date "2010.07.18"]
[Round "2"]
[White "Tscharotschkin,M"]
[Black "Bursa,R"]
[Result "1-0"]
[WhiteElo "2201"]
[BlackElo "2014"]
[EventDate "2010.07.17"]

1. e4 c5 2. c3 d5 3. exd5 Qxd5 4. d4 Nc6 5. Nf3 e5 6. Nxe5 Nxe5 7. dxe5
Qxe5+ 8. Be3 Bd7 9. Qb3 Bc6 10. Bb5 Qc7 11. Bxc6+ Qxc6 12. Nd2 Nf6 13. Nc4
Qc7 14. O-O-O Be7 15. Qb5+ Kf8 16. Nd6 Bxd6 17. Rxd6 b6 18. Rhd1 h6 19. Bf4
Qc8 20. Be5 Ne8 21. Rd7 Nf6 22. Bxf6 gxf6 23. Re1 Kg8 24. Ree7 Qf8 25. Qc6
Rh7 26. Qxf6 Rg7 27. g3 h5 28. h4 c4 29. Re5 Rg6 30. Qf3 Re8 31. Qxh5 b5
32. Qe2 Qh6+ 33. f4 Rge6 34. Qg4+ Kf8 35. Rxe6 Rxe6 36. Qf5 Qg7 37. Qc5+
Kg8 38. Rd5 Qf6 39. Qc8+ Kh7 40. Rh5+ Kg6 41. Rg5+ Kh7 42. Qg8+ Kh6 43.
Qf8+ Kh7 44. Rh5+ Kg6 45. Qh6+ 1-0